| 000 | 007110am a2200253 004500 | ||
|---|---|---|---|
| 003 | EG-GiCUC | ||
| 008 | 080525s1963 fr c b 000 0bfre c | ||
| 040 |
_aDLC _c DLC _d DLC |
||
| 042 | _apremarc | ||
| 050 | 0 | 0 |
_aPQ2635.E25 _bZ773 |
| 092 | 0 | 4 |
_a848.91209 _bP376r _221 |
| 099 |
_a04 _a848.91209 P376r |
||
| 100 | 1 |
_aRoussel, Jean, _d1902-1957. |
|
| 245 | 1 | 0 |
_aCharles Peguy. _cJean Roussel |
| 260 |
_aParis, _bEditions universitaires _c1963 |
||
| 300 |
_a122 p. _bport. _c18 cm. |
||
| 490 | 0 |
_aClassiques du XXe sie{u00A4}_cle, _v4 |
|
| 504 | _aBibliography: p. [118]-120. | ||
| 600 | 1 | 0 |
_aPeguy, Charles, _d1873-1914. |
| 902 | _a1 | ||
| 905 |
_aEman _eRev |
||
| 905 |
_aJamal _eCat |
||
| 942 |
_2ddc _cBK |
||
| 999 |
_c106124 _d106124 |
||